Tengo derecho a ... Sentirme seguro / (Registro nro. 1922)

000 -CABECERA
campo de control de longitud fija 00844nam a2200289 a 4500
001 - NÚMERO DE CONTROL
campo de control 000033908
005 - FECHA Y HORA DE LA ÚLTIMA TRANSACCIÓN
campo de control 20200120222220.0
008 - DATOS DE LONGITUD FIJA--INFORMACIÓN GENERAL
campo de control de longitud fija 080604s2005 sp a gr 000 0 spa d
020 ## - NÚMERO INTERNACIONAL ESTÁNDAR DEL LIBRO
Número Internacional Estándar del Libro 842417853X
041 0# - CÓDIGO DE LENGUA
Código de lengua del texto/banda sonora o título independiente -spa
082 04 - NÚMERO DE LA CLASIFICACIÓN DECIMAL DEWEY
Número de clasificación 323.352
Número de documento/Ítem H17
Número de edición 21
100 1# - ENTRADA PRINCIPAL--NOMBRE DE PERSONA
Nombre de persona Harrison, Jean
245 10 - MENCIÓN DE TÍTULO
Título Tengo derecho a ... Sentirme seguro /
Mención de responsabilidad, etc. Jean Harrison.
250 ## - MENCIÓN DE EDICIÓN
Mención de edición 1a. ed.
260 ## - PUBLICACIÓN, DISTRIBUCIÓN, ETC.
Lugar de publicación, distribución, etc. León (España) :
Nombre del editor, distribuidor, etc. Everest,
Fecha de publicación, distribución, etc. 2005.
300 ## - DESCRIPCIÓN FÍSICA
Extensión 30 p. :
Otras características físicas il., col.
490 #0 - MENCIÓN DE SERIE
Mención de serie Tengo derecho a ...
500 ## - NOTA GENERAL
Nota general El ej.1 de Biblioparque Funza corresponde al 2006
500 ## - NOTA GENERAL
Nota general Incluye glosario e índice
650 14 - PUNTO DE ACCESO ADICIONAL DE MATERIA--TÉRMINO DE MATERIA
Término de materia o nombre geográfico como elemento de entrada Derechos del niño
650 24 - PUNTO DE ACCESO ADICIONAL DE MATERIA--TÉRMINO DE MATERIA
Término de materia o nombre geográfico como elemento de entrada Derechos civiles
650 24 - PUNTO DE ACCESO ADICIONAL DE MATERIA--TÉRMINO DE MATERIA
Término de materia o nombre geográfico como elemento de entrada Niños
Subdivisión general Aspectos sociales
650 24 - PUNTO DE ACCESO ADICIONAL DE MATERIA--TÉRMINO DE MATERIA
Término de materia o nombre geográfico como elemento de entrada Violencia
650 24 - PUNTO DE ACCESO ADICIONAL DE MATERIA--TÉRMINO DE MATERIA
Término de materia o nombre geográfico como elemento de entrada Maltrato infantil
710 2# - PUNTO DE ACCESO ADICIONAL--NOMBRE DE ENTIDAD CORPORATIVA
Nombre de entidad corporativa o nombre de jurisdicción como elemento de entrada Save the children
901 ## - ELEMENTOS DE DATOS A LOCAL LDA (RLIN)
a Compra, Eliber, 2007, $18.850
Existencias
Estado de retiro Estado de pérdida Fuente del sistema de clasificación o colocación Estado dañado No para préstamo Código de colección Localización permanente Ubicación/localización actual Fecha de adquisición Total de préstamos Signatura topográfica completa Código de barras Fecha visto por última vez Número de copia Precio válido a partir de Tipo de ítem Koha Nota pública Número de inventario
          Colección General Biblioteca Pública San Juan Bosco Biblioteca Pública San Juan Bosco 20/01/2020   323.352H17 MOS007976 20/01/2020 ej.1 20/01/2020 Libro Ocho días  
          Colección General Biblioteca Pública San Juan Bosco Biblioteca Pública San Juan Bosco 20/01/2020   323.352 H17 MOS007977 20/01/2020 ej.2 20/01/2020 Libro Ocho días 111456
          Colección General Biblioteca Pública San Juan Bosco Biblioteca Pública San Juan Bosco 20/01/2020   323.352 H17 MOS007978 07/12/2021 ej.3 20/01/2020 Libro Ocho días 104294

© Todos los derechos reservados para la Biblioteca Pública Municipal San Juan Bosco, 2020
Secretaria de Cultura de Mosquera
Carrera 3 N° 10 Esquina Centro Cultural Barrio El Carmén Teléfono: 8270830 Ext: 34
Funcionando con KOHA
Contacto: Biblioteca Pública Municipal San Juan Bosco/ bibliotecasanjuanbosco@mosquera-cundinamarca.gov.co
Mosquera, Cundinamarca